Principales médailles et décorations françaises. - Statistiques

Statistiques générales
  • Ce quiz a été pris 161 fois
  • Le résultat moyen est 4 sur 10
Statistiques - réponses
Par images Réponse % Correct
Légion d'honneur
98%
Ordre national du Mérite
76%
Croix de la Libération
54%
Médaille militaire
45%
Croix de guerre 1914-1918
37%
Croix de guerre 1939-1945
37%
Croix de la Valeur militaire
28%
Médaille de la Gendarmerie nationale
21%
Médaille nationale de reconnaissance aux victimes du terrorisme
19%
Croix de guerre des Théâtres d'opérations extérieurs
13%
Aucun quiz correspondant
Distribution des résultats
% des personnes avec chaque résultat
Percentile par nombre de réponses
Votre historique - résultats
Vous n’avez pas pris ce quiz